MARC

LEADER 00000nam0a2200000 4500
001 68608
005 20231031075027.0
010 |a 5724501031 
035 |a (RuTPU)RU\TPU\book\73060 
090 |a 68608 
100 |a 20041007d1988 k y0rusy50 ca 
101 0 |a rus 
102 |a RU 
105 |a a z 001zy 
200 1 |a Реологические основы переработки эластомеров  |f Е. Г. Вострокнутов, Г. В. Виноградов 
210 |a Москва  |c Химия  |d 1988 
215 |a 227 с.  |c ил. 
320 |a Библиогр.: с. 220-228. 
610 1 |a полимеры 
610 1 |a каучукоподобные материалы 
610 1 |a реологические свойства 
610 1 |a перестройка 
610 1 |a эластомеры 
610 1 |a структура 
610 1 |a переработка 
675 |a 678.07  |v 3 
700 1 |a Вострокнутов  |b Е. Г.  |g Евгений Георгиевич 
701 1 |a Виноградов  |b Г. В.  |g Георгий Владимирович 
801 1 |a RU  |b 63413507  |c 20041007  |g PSBO 
801 2 |a RU  |b 63413507  |c 20070217  |g PSBO 
942 |c BK